| 000 | 00622cab a2200229 4500 | ||
|---|---|---|---|
| 001 | X42 | ||
| 008 | 090401t1991 xxu||||| |||| 00| 0 eng d | ||
| 035 | _a(Sirsi) u44704 | ||
| 041 | _aeng | ||
| 100 | _aRodgers, A. | ||
| 245 | _aForce majeure - the lessons from Kuwait | ||
| 260 | _c1991 | ||
| 350 | _a0 | ||
| 490 |
_aCivil Engineering Surveyor _v16 (9) November 1991, 11-12(2) |
||
| 520 | _aLooks at the legal and contractual consequences of the Iraqi invasion of Kuwait. | ||
| 650 |
_aContracts _96232 |
||
| 650 | _aFORCE MAJEURE | ||
| 650 | _aGULF WAR | ||
| 690 | _aLAW | ||
| 942 | _n0 | ||
| 948 | _c04/03/1997 | ||
| 999 |
_c28406 _d28406 |
||